| 000 | 01082nam a2200265 a 4500 | ||
|---|---|---|---|
| 003 | DO-SdBNP | ||
| 005 | 20221205100435.0 | ||
| 007 | ta | ||
| 008 | 221202e200? dr a|||gr6||| 00| u spa d | ||
| 040 |
_aDO-SdBNP _bspa _cBNPHU |
||
| 082 | 4 |
_222 _bI88e |
|
| 245 | 0 | 0 |
_aItalianos en la República Dominicana: _bhistoria y aventuras de viejos amigos. / _cCompilador, Andrea Genepari, Dibujos, Bruno Olivieri |
| 264 |
_a[Santo Domingo] : _bALLEMANDI, _c[200] |
||
| 300 |
_a32 p. : _fil. ; _e33 cm. |
||
| 500 | _aIncluye datos biográficos del compilador en las solapas de las cubiertas. | ||
| 500 | _aObsequio de Embajada de Italia Santo Domingo. | ||
| 500 | _a200 Natalicio Juan Bautista Cambiaso. Héroe Nacional, Fundador de la Armada Dominicana. Cónsul Italiano. | ||
| 590 | _aInventariado 2022 / MF | ||
| 650 | 4 |
_aItalianos en República Dominicana _xHistoria _982970 |
|
| 651 |
_aRepública Dominicana _xCivilización _xInfluencia italiana _982947 |
||
| 700 | 1 |
_aGeneapri, Andrea, _ecomp. _982971 |
|
| 700 | 1 |
_aOliveri, Bruno _eil. _982972 |
|
| 910 | _aMFeliz | ||
| 942 |
_2ddc _cLF2 |
||
| 999 |
_c53056 _d53056 |
||